Huddersfield Town Squad 2023-2024 - Statistics

General Stats
  • This quiz has been taken 25 times
  • The average score is 24 of 36
Answer Stats
# Position Nation Player % Correct
6 MF England Jonathan Hogg
90%
4 DF England Matty Pearson
90%
5 DF Poland Michał Helik
90%
9 FW Serbia Bojan Radulović
86%
17 DF Northern Ireland Brodie Spencer
86%
- Coach Jamaica Darren Moore
86%
1 GK England Lee Nicholls
86%
24 DF Suriname Radinio Balker
81%
33 DF Japan Yūta Nakayama
81%
31 GK Australia Jacob Chapman
76%
10 FW England Josh Koroma
76%
11 MF Mali Brahima Diarra
71%
12 GK Wales Chris Maxwell
71%
7 FW Netherlands Delano Burgzorg
71%
8 MF England Jack Rudoni
71%
32 DF England Tom Lees
71%
21 MF England Alex Matos
67%
23 MF England Ben Wiles
67%
18 MF England David Kasumu
67%
- Coach England Jon Worthington
67%
- Coach England Neil Warnock
67%
20 DF England Ollie Turton
67%
44 FW England Rhys Healey
67%
14 FW Wales Sorba Thomas
67%
- Coach Germany André Breitenreiter
62%
25 FW England Danny Ward
62%
3 DF England Josh Ruffels
57%
26 FW Wales Patrick Jones
57%
15 DF England Jaheim Headley
52%
37 DF Congo Loick Ayina
43%
22 FW England Kian Harratt
38%
2 DF England Rarmani Edmonds-Green
38%
16 DF England Tom Edwards
38%
30 DF England Ben Jackson
33%
36 MF England Josh Austerfield
33%
27 FW England Kyle Hudlin
24%
No matching quizzes found
Score Distribution
Percent of People with Each Score
Percentile by Number Answered
Your Score History
You have not taken this quiz